000 00484nam a22001097a 4500
082 _a800/DEN
100 _aमुख्‍य सम्‍पादक,बजरंग लाल गुप्‍ता
_983578
245 _aपं दीनदयाल उपाध्‍याय
_bजीवन दशर्न ओर समसामयिकता भाग - 1
260 _aदिल्‍ली
_bकिताबवाले
_c2022
650 _aरचनावली
942 _cHIN
999 _c68521
_d68521